Their blood waters our freedom : glory to the heroes and heroines of the Namibian liberation struggle.

Saved in:
Bibliographic Details
Corporate Author: SWAPO.
Format: Book
Language:English
Published: Windhoek, Republic of Namibia : SWAPO Party, c1996.
Subjects:
Tags: Add Tag
No Tags, Be the first to tag this record!
LEADER 00788aam a2200253 a 4500
001 007561663-7
005 20020606104010.5
008 970110s1996 sx a r 000 0 eng
010 |a  96982083  
020 |a 9991673806 
035 0 |a ocm36201094 
040 |a DLC  |c DLC 
042 |a lcode 
043 |a f-sx--- 
050 0 0 |a DT1645  |b .T48 1996 
082 0 0 |a 968.81  |2 21 
245 0 0 |a Their blood waters our freedom :  |b glory to the heroes and heroines of the Namibian liberation struggle. 
260 |a Windhoek, Republic of Namibia :  |b SWAPO Party,  |c c1996. 
300 |a xxviii, 320 p. :  |b ill. ;  |c 21 x 28 cm. 
610 2 0 |a People's Liberation Army of Namibia  |x Registers of dead. 
650 0 |a National liberation movements  |z Namibia. 
710 2 |a SWAPO. 
988 |a 20020608 
906 |0 DLC